000 00659nam a2200241Ia 4500
001 1008
005 20240113233440.0
007 ta
008 050129s1998 a g b000 u asm u
020 _cHB
040 _aCotton College,Assam
041 _aasm
082 _a891.41108
_bCh 417 Ma
100 _aBoard Of editors, .
245 0 _aMahapurusa Srimanta Sankardeva Vakyamrita /
_cBoard of editors.
_hTextual Documents
250 _a1st ed /
260 _aNagaon(Assam) :
_bSrimanta Sankar Dev Sangha ,
_c1998.
300 _a1286p. :
_bill ;
653 _aReligion-Hinduism
942 _2ddc
_cBK
999 _c1006
_d1006